|
|
|
|
| LEADER |
02777nam a22005295i 4500 |
| 001 |
978-3-662-48116-5 |
| 003 |
DE-He213 |
| 005 |
20151204180849.0 |
| 007 |
cr nn 008mamaa |
| 008 |
150811s2015 gw | s |||| 0|eng d |
| 020 |
|
|
|a 9783662481165
|9 978-3-662-48116-5
|
| 024 |
7 |
|
|a 10.1007/978-3-662-48116-5
|2 doi
|
| 040 |
|
|
|d GrThAP
|
| 050 |
|
4 |
|a QA76.9.A25
|
| 072 |
|
7 |
|a URY
|2 bicssc
|
| 072 |
|
7 |
|a COM053000
|2 bisacsh
|
| 082 |
0 |
4 |
|a 005.82
|2 23
|
| 245 |
1 |
0 |
|a Fast Software Encryption
|h [electronic resource] :
|b 22nd International Workshop, FSE 2015, Istanbul, Turkey, March 8-11, 2015, Revised Selected Papers /
|c edited by Gregor Leander.
|
| 250 |
|
|
|a 1st ed. 2015.
|
| 264 |
|
1 |
|a Berlin, Heidelberg :
|b Springer Berlin Heidelberg :
|b Imprint: Springer,
|c 2015.
|
| 300 |
|
|
|a XI, 600 p. 131 illus.
|b online resource.
|
| 336 |
|
|
|a text
|b txt
|2 rdacontent
|
| 337 |
|
|
|a computer
|b c
|2 rdamedia
|
| 338 |
|
|
|a online resource
|b cr
|2 rdacarrier
|
| 347 |
|
|
|a text file
|b PDF
|2 rda
|
| 490 |
1 |
|
|a Lecture Notes in Computer Science,
|x 0302-9743 ;
|v 9054
|
| 505 |
0 |
|
|a Block cipher cryptanalysis -- Understanding attacks -- Implementation issues -- More block cipher cryptanalysis -- Cryptanalysis of authenticated encryption schemes -- Proofs -- Design -- Lightweight -- Cryptanalysis of hash functions and stream ciphers -- Mass surveillance.
|
| 520 |
|
|
|a This book constitutes the thoroughly refereed post-conference proceedings of the 22nd International Workshop on Fast Software Encryption, held in Istanbul, Turkey, March 8-11, 2015. The 28 revised full papers presented were carefully reviewed and selected from 71 initial submissions. The papers are organized in topical sections on block cipher cryptanalysis; understanding attacks; implementation issues; more block cipher cryptanalysis; cryptanalysis of authenticated encryption schemes; proofs; design; lightweight; cryptanalysis of hash functions and stream ciphers; and mass surveillance.
|
| 650 |
|
0 |
|a Computer science.
|
| 650 |
|
0 |
|a Computer security.
|
| 650 |
|
0 |
|a Data encryption (Computer science).
|
| 650 |
|
0 |
|a Coding theory.
|
| 650 |
|
0 |
|a Management information systems.
|
| 650 |
1 |
4 |
|a Computer Science.
|
| 650 |
2 |
4 |
|a Data Encryption.
|
| 650 |
2 |
4 |
|a Systems and Data Security.
|
| 650 |
2 |
4 |
|a Management of Computing and Information Systems.
|
| 650 |
2 |
4 |
|a Coding and Information Theory.
|
| 700 |
1 |
|
|a Leander, Gregor.
|e editor.
|
| 710 |
2 |
|
|a SpringerLink (Online service)
|
| 773 |
0 |
|
|t Springer eBooks
|
| 776 |
0 |
8 |
|i Printed edition:
|z 9783662481158
|
| 830 |
|
0 |
|a Lecture Notes in Computer Science,
|x 0302-9743 ;
|v 9054
|
| 856 |
4 |
0 |
|u http://dx.doi.org/10.1007/978-3-662-48116-5
|z Full Text via HEAL-Link
|
| 912 |
|
|
|a ZDB-2-SCS
|
| 912 |
|
|
|a ZDB-2-LNC
|
| 950 |
|
|
|a Computer Science (Springer-11645)
|